Catalog

Record Details

Catalog Search



Muž a žena - návod k použití  Cover Image Book Book

Muž a žena - návod k použití / Petr Šmolka

Record details

  • ISBN: 978-80-7367-573-8
  • Physical Description: 159 s. ; 20 cm
  • Edition: Vyd. 2.
  • Publisher: Praha : Portál, 2009
Subject: muži a ženy
partnerské vztahy
manželství
men and women
partner relationships
marriage
Genre: populárně-naučné publikace
popular works

Available copies

  • 1 of 1 copy available at Common Catalog SPOK.

Holds

  • 0 current holds with 1 total copy.
Show Only Available Copies
Location Call Number / Copy Notes Barcode Shelving Location Status Due Date
Jabok Library Psy-6.1.5/Š 424480027400 Odborná literatura Available -

LDR 01221cam a2200385 a 4500
00116847
003CZ-PrJAB
00520200401064232.0
007ta
008090512s2009 xr e f 000 0 cze d
015 . ‡acnb001867548
020 . ‡a978-80-7367-573-8 ‡q(brož.)
035 . ‡a(CZ PrNK)nkc20091867548
035 . ‡a(OCoLC)864846948
040 . ‡aPNA001 ‡bcze ‡dOLA001 ‡dABA001
072 7. ‡a316.36 ‡xManželství a rodina. Sexuální vztahy ‡2Konspekt ‡918
080 . ‡a316.346.2 ‡2MRF
080 . ‡a316.472.42 ‡2MRF
080 . ‡a316.361.11-027.581 ‡2MRF
080 . ‡a(0.062) ‡2MRF
1001 . ‡aŠmolka, Petr, ‡d1946- ‡7jn20000402854 ‡4aut
24510. ‡aMuž a žena - návod k použití / ‡cPetr Šmolka
250 . ‡aVyd. 2.
260 . ‡aPraha : ‡bPortál, ‡c2009
300 . ‡a159 s. ; ‡c20 cm
65007. ‡amuži a ženy ‡7ph123061 ‡2czenas
65007. ‡apartnerské vztahy ‡7ph115684 ‡2czenas
65007. ‡amanželství ‡7ph115224 ‡2czenas
65009. ‡amen and women ‡2eczenas
65009. ‡apartner relationships ‡2eczenas
65009. ‡amarriage ‡2eczenas
655 7. ‡apopulárně-naučné publikace ‡7fd131864 ‡2czenas
655 9. ‡apopular works ‡2eczenas
910 . ‡aABG312
901 . ‡a16847 ‡bCZ PrNK ‡c16847 ‡tbiblio

Additional Resources